书目信息 |
| 题名: |
电脑入门实训教程
|
|
| 作者: | 司风烛 , 庞捷 , 李秀云 编著 | |
| 分册: | ||
| 出版信息: | 北京 电子工业出版社 2005.7 |
|
| 页数: | 14,346页 | |
| 开本: | 26cm | |
| 丛书名: | 新时代电脑教育丛书 | |
| 单 册: | ||
| 中图分类: | TP3 | |
| 科图分类: | ||
| 主题词: | 电子计算机--dian zi ji suan ji--教材 | |
| 电子资源: | ||
| ISBN: | 7-121-01207-3 | |
| 000 | 00911nam0 2200265 45 | |
| 001 | 012005000000 | |
| 005 | 20051207093220.13 | |
| 010 | @a7-121-01207-3@dCNY28.00 | |
| 100 | @a20051107d2005 em y0chiy0121 ea | |
| 101 | 0 | @achi |
| 102 | @aCN@b110000 | |
| 105 | @ay z 000yy | |
| 200 | 1 | @a电脑入门实训教程@Adian nao ru men shi xun jiao cheng@f司风烛,庞捷,李秀云等编著 |
| 210 | @a北京@c电子工业出版社@d2005.7 | |
| 215 | @a14,346页@d26cm | |
| 225 | 2 | @a新时代电脑教育丛书@Axin shi dai dian nao jiao yu cong shu |
| 330 | @a本书介绍了电脑基本常识、WindowsXP操作系统、网络使用、Word和Excel软件等初学者最关心的内容。 | |
| 461 | 0 | @12001 @a新时代电脑教育丛书 |
| 606 | 0 | @a电子计算机@Adian zi ji suan ji@j教材 |
| 690 | @aTP3@v4 | |
| 701 | 0 | @a司风烛@Asi feng zhu@4编著 |
| 701 | 0 | @a庞捷@Apang jie@4编著 |
| 701 | 0 | @a李秀云@Ali xiu yun@4编著 |
| 801 | 0 | @aCN@bSRXX@c20051207 |
| 905 | @a10447@dTP3@eS699 | |
| 电脑入门实训教程/司风烛,庞捷,李秀云等编著.-北京:电子工业出版社,2005.7 |
| 14,346页;26cm.-(新时代电脑教育丛书) |
| ISBN 7-121-01207-3:CNY28.00 |
| 本书介绍了电脑基本常识、WindowsXP操作系统、网络使用、Word和Excel软件等初学者最关心的内容。 |
| ● |
| 相关链接 |
|
|
|
正题名:电脑入门实训教程
索取号:TP3/S699
 
预约/预借
| 序号 | 登录号 | 条形码 | 馆藏地/架位号 | 状态 | 备注 |
| 1 | 547047 | 205470471 | 自科二线400A/400A自科库 5排2列2层/ [索取号:TP3/S699] | 在馆 | |
| 2 | 547048 | 205470480 | 自科库301/400A自科库 7排3列2层/ [索取号:TP3/S699] | 在馆 | |
| 3 | 547049 | 205470499 | 自科库301/400A自科库 7排3列2层/ [索取号:TP3/S699] | 在馆 |